[Event "ODJM A 2023"]
[Site "Willingen GER"]
[Date "2023.05.29"]
[Round "3"]
[White "Held, Momme Fredrik"]
[Black "Matthes, Benjamin"]
[Result "1-0"]
[Termination "normal"]
[Board "28"]
[WhiteElo "1914"]
[BlackElo "1816"]
[WhiteClock "00:23:32"]
[BlackClock "00:01:18"]
[PlyCount "155"]
[WhiteFideId "16237692"]
[BlackFideId "16227298"]
[EventCountry "GER"]
[EventRounds "9"]
[EventType "swiss"]
[EventDate "2023.05.27"]

1. c4 {[%clk 01:30:58]} {[%emt 00:00:03]} b6 {[%clk 01:30:26]} {[%emt
00:00:53]} 2. Nc3 {[%clk 01:31:07]} {[%emt 00:00:23]} Bb7 {[%clk 01:30:44]}
{[%emt 00:00:08]} 3. e4 {[%clk 01:31:26]} {[%emt 00:00:09]} e5 {[%clk
01:31:08]} {[%emt 00:00:03]} 4. g3 {[%clk 01:31:47]} {[%emt 00:00:08]} Nc6
{[%clk 01:31:33]} {[%emt 00:00:04]} 5. Bg2 {[%clk 01:32:11]} {[%emt 00:00:03]}
Bc5 {[%clk 01:27:13]} {[%emt 00:04:42]} 6. Nge2 {[%clk 01:31:05]} {[%emt
00:01:36]} Nge7 {[%clk 01:26:47]} {[%emt 00:00:56]} 7. O-O {[%clk 01:30:55]}
{[%emt 00:00:40]} O-O {[%clk 01:20:49]} {[%emt 00:06:29]} 8. Kh1 {[%clk
01:30:11]} {[%emt 00:01:14]} f5 {[%clk 01:05:55]} {[%emt 00:15:24]} 9. d3
{[%clk 01:29:41]} {[%emt 00:01:00]} Nd4 {[%clk 01:01:50]} {[%emt 00:04:36]} 10.
Rb1 {[%clk 01:28:45]} {[%emt 00:01:26]} a5 {[%clk 00:58:09]} {[%emt 00:04:12]}
11. f4 {[%clk 01:26:23]} {[%emt 00:02:52]} d6 {[%clk 00:50:38]} {[%emt
00:08:02]} 12. Nxd4 {[%clk 01:24:56]} {[%emt 00:01:56]} Bxd4 {[%clk 00:46:30]}
{[%emt 00:04:39]} 13. fxe5 {[%clk 01:22:29]} {[%emt 00:02:57]} dxe5 {[%clk
00:29:41]} {[%emt 00:17:19]} 14. Bg5 {[%clk 01:20:27]} {[%emt 00:02:32]} Bxc3
{[%clk 00:18:01]} {[%emt 00:12:10]} 15. bxc3 {[%clk 01:20:51]} {[%emt
00:00:05]} fxe4 {[%clk 00:18:11]} {[%emt 00:00:19]} 16. Rxf8+ {[%clk 01:19:57]}
{[%emt 00:01:25]} Qxf8 {[%clk 00:18:01]} {[%emt 00:00:40]} 17. c5 {[%clk
01:18:34]} {[%emt 00:01:52]} h6 {[%clk 00:12:37]} {[%emt 00:05:53]} 18. Bxe7
{[%clk 01:13:41]} {[%emt 00:05:24]} Qxe7 {[%clk 00:13:06]} {[%emt 00:00:02]}
19. cxb6 {[%clk 01:12:32]} {[%emt 00:01:39]} cxb6 {[%clk 00:13:21]} {[%emt
00:00:14]} 20. Rxb6 {[%clk 01:11:05]} {[%emt 00:01:57]} Rd8 {[%clk 00:13:36]}
{[%emt 00:00:16]} 21. Qb3+ {[%clk 01:09:25]} {[%emt 00:02:10]} Bd5 {[%clk
00:12:04]} {[%emt 00:02:02]} 22. c4 {[%clk 01:07:40]} {[%emt 00:02:14]} Ba8
{[%clk 00:07:39]} {[%emt 00:04:56]} 23. dxe4 {[%clk 01:00:40]} {[%emt
00:07:30]} Qg5 {[%clk 00:06:09]} {[%emt 00:02:00]} 24. Qb1 {[%clk 00:51:37]}
{[%emt 00:09:33]} Qg4 {[%clk 00:05:56]} {[%emt 00:00:44]} 25. Rb8 {[%clk
00:49:19]} {[%emt 00:02:48]} Rxb8 {[%clk 00:04:15]} {[%emt 00:02:10]} 26. Qxb8+
{[%clk 00:49:32]} {[%emt 00:00:17]} Kh7 {[%clk 00:04:43]} {[%emt 00:00:02]} 27.
h3 {[%clk 00:49:50]} {[%emt 00:00:12]} Qd1+ {[%clk 00:01:08]} {[%emt 00:04:06]}
28. Kh2 {[%clk 00:50:15]} {[%emt 00:00:04]} Bc6 {[%clk 00:01:18]} {[%emt
00:00:20]} 29. Qxe5 {[%clk 00:49:27]} {[%emt 00:01:18]} Qa4 {[%clk 00:00:34]}
{[%emt 00:01:15]} 30. c5 {[%clk 00:43:55]} {[%emt 00:06:01]} Bd7 {[%clk
00:00:32]} {[%emt 00:00:32]} 31. Qb2 {[%clk 00:36:07]} {[%emt 00:08:18]} Qc4
{[%clk 00:00:31]} {[%emt 00:00:31]} 32. Qd2 {[%clk 00:33:53]} {[%emt 00:02:44]}
Bc6 {[%clk 00:00:45]} {[%emt 00:00:17]} 33. Qxa5 {[%clk 00:26:30]} {[%emt
00:07:53]} Bxe4 {[%clk 00:01:01]} {[%emt 00:00:13]} 34. Bxe4+ {[%clk 00:26:49]}
{[%emt 00:00:11]} Qxe4 {[%clk 00:01:29]} {[%emt 00:00:02]} 35. Qd2 {[%clk
00:26:42]} {[%emt 00:00:37]} Qc4 {[%clk 00:00:59]} {[%emt 00:01:01]} 36. Qf2
{[%clk 00:27:04]} {[%emt 00:00:07]} Qe4 {[%clk 00:00:33]} {[%emt 00:00:56]} 37.
Qg2 {[%clk 00:24:34]} {[%emt 00:03:00]} Qe7 {[%clk 00:00:31]} {[%emt 00:00:32]}
38. Qc2+ {[%clk 00:24:48]} {[%emt 00:00:15]} Kh8 {[%clk 00:00:32]} {[%emt
00:00:30]} 39. c6 {[%clk 00:25:10]} {[%emt 00:00:08]} Qc7 {[%clk 00:00:47]}
{[%emt 00:00:15]} 40. a4 {[%clk 00:25:11]} {[%emt 00:00:29]} h5 {[%clk
00:00:55]} {[%emt 00:00:23]} 41. h4 {[%clk 00:25:03]} {[%emt 00:00:37]} g5
{[%clk 00:30:23]} {[%emt 00:01:02]} 42. Qc3+ {[%clk 00:52:36]} {[%emt
00:02:57]} Kh7 {[%clk 00:29:20]} {[%emt 00:01:33]} 43. Qd3+ {[%clk 00:51:11]}
{[%emt 00:01:54]} Kh6 {[%clk 00:29:06]} {[%emt 00:00:44]} 44. Qe3 {[%clk
00:38:48]} {[%emt 00:12:53]} Qxc6 {[%clk 00:21:16]} {[%emt 00:08:21]} 45. Qxg5+
{[%clk 00:39:12]} {[%emt 00:00:06]} Kh7 {[%clk 00:21:39]} {[%emt 00:00:07]} 46.
Qxh5+ {[%clk 00:39:36]} {[%emt 00:00:07]} Kg7 {[%clk 00:21:11]} {[%emt
00:00:58]} 47. Qg5+ {[%clk 00:39:26]} {[%emt 00:00:40]} Kh7 {[%clk 00:19:55]}
{[%emt 00:01:46]} 48. Qf4 {[%clk 00:38:18]} {[%emt 00:01:38]} Qc2+ {[%clk
00:18:02]} {[%emt 00:02:24]} 49. Kh3 {[%clk 00:38:38]} {[%emt 00:00:10]} Qc8+
{[%clk 00:18:16]} {[%emt 00:00:16]} 50. Kg2 {[%clk 00:37:59]} {[%emt 00:01:09]}
Qc2+ {[%clk 00:16:44]} {[%emt 00:02:02]} 51. Kf3 {[%clk 00:37:37]} {[%emt
00:00:51]} Qd1+ {[%clk 00:15:39]} {[%emt 00:01:35]} 52. Ke3 {[%clk 00:37:52]}
{[%emt 00:00:15]} Qb3+ {[%clk 00:15:41]} {[%emt 00:00:28]} 53. Ke2 {[%clk
00:28:33]} {[%emt 00:09:49]} Qc2+ {[%clk 00:15:11]} {[%emt 00:01:01]} 54. Kf1
{[%clk 00:27:21]} {[%emt 00:01:41]} Qd1+ {[%clk 00:09:10]} {[%emt 00:06:31]}
55. Kg2 {[%clk 00:27:45]} {[%emt 00:00:06]} Qd5+ {[%clk 00:09:28]} {[%emt
00:00:11]} 56. Kh2 {[%clk 00:26:25]} {[%emt 00:01:51]} Qa2+ {[%clk 00:07:35]}
{[%emt 00:02:23]} 57. Kh3 {[%clk 00:26:51]} {[%emt 00:00:04]} Qe6+ {[%clk
00:07:40]} {[%emt 00:00:25]} 58. g4 {[%clk 00:26:26]} {[%emt 00:00:55]} Qb3+
{[%clk 00:07:31]} {[%emt 00:00:37]} 59. Qg3 {[%clk 00:26:52]} {[%emt 00:00:07]}
Qxa4 {[%clk 00:06:43]} {[%emt 00:01:18]} 60. h5 {[%clk 00:26:58]} {[%emt
00:00:23]} Qc6 {[%clk 00:02:20]} {[%emt 00:04:50]} 61. Qd3+ {[%clk 00:26:08]}
{[%emt 00:01:24]} Kg7 {[%clk 00:01:42]} {[%emt 00:01:09]} 62. Qd4+ {[%clk
00:26:01]} {[%emt 00:00:37]} Kh7 {[%clk 00:01:53]} {[%emt 00:00:19]} 63. Kh4
{[%clk 00:25:40]} {[%emt 00:00:50]} Qh1+ {[%clk 00:00:43]} {[%emt 00:01:40]}
64. Kg5 {[%clk 00:26:03]} {[%emt 00:00:06]} Qc1+ {[%clk 00:00:33]} {[%emt
00:00:40]} 65. Qf4 {[%clk 00:26:28]} {[%emt 00:00:05]} Qg1 {[%clk 00:00:33]}
{[%emt 00:00:31]} 66. h6 {[%clk 00:23:27]} {[%emt 00:03:31]} Qa7 {[%clk
00:00:32]} {[%emt 00:00:31]} 67. Qf5+ {[%clk 00:23:46]} {[%emt 00:00:11]} Kh8
{[%clk 00:00:33]} {[%emt 00:00:30]} 68. Kh5 {[%clk 00:22:03]} {[%emt 00:02:14]}
Qf7+ {[%clk 00:00:40]} {[%emt 00:00:23]} 69. Kg5 {[%clk 00:22:25]} {[%emt
00:00:07]} Qa7 {[%clk 00:00:39]} {[%emt 00:00:32]} 70. Qf8+ {[%clk 00:21:29]}
{[%emt 00:01:26]} Kh7 {[%clk 00:00:59]} {[%emt 00:00:10]} 71. Kh5 {[%clk
00:21:02]} {[%emt 00:00:56]} Qa1 {[%clk 00:00:32]} {[%emt 00:00:58]} 72. Qg7+
{[%clk 00:21:23]} {[%emt 00:00:09]} Qxg7 {[%clk 00:00:47]} {[%emt 00:00:15]}
73. hxg7 {[%clk 00:21:48]} {[%emt 00:00:05]} Kxg7 {[%clk 00:00:33]} {[%emt
00:00:44]} 74. Kg5 {[%clk 00:22:12]} {[%emt 00:00:06]} Kf7 {[%clk 00:00:45]}
{[%emt 00:00:18]} 75. Kh6 {[%clk 00:22:36]} {[%emt 00:00:06]} Kg8 {[%clk
00:01:12]} {[%emt 00:00:03]} 76. g5 {[%clk 00:22:43]} {[%emt 00:00:23]} Kh8
{[%clk 00:00:56]} {[%emt 00:00:46]} 77. g6 {[%clk 00:23:08]} {[%emt 00:00:05]}
Kg8 {[%clk 00:01:18]} {[%emt 00:00:09]} 78. g7 {[%clk 00:23:32]} {[%emt
00:00:06]} 1-0

[Event "ODJM A 2023"]
[Site "Willingen GER"]
[Date "2023.05.29"]
[Round "3"]
[White "Vollbehr, Bjarne"]
[Black "Tulchynsky, David"]
[Result "1-0"]
[Termination "normal"]
[Board "29"]
[WhiteElo "1867"]
[BlackElo "1660"]
[WhiteClock "00:35:37"]
[BlackClock "00:10:40"]
[PlyCount "107"]
[WhiteFideId "34606025"]
[BlackFideId "16289560"]
[EventCountry "GER"]
[EventRounds "9"]
[EventType "swiss"]
[EventDate "2023.05.27"]

1. d4 {[%clk 01:30:57]} {[%emt 00:00:04]} Nf6 {[%clk 01:30:59]} {[%emt
00:00:03]} 2. c4 {[%clk 01:31:19]} {[%emt 00:00:11]} e5 {[%clk 01:31:28]}
{[%emt 00:00:03]} 3. d5 {[%clk 01:30:05]} {[%emt 00:01:39]} Bc5 {[%clk
01:31:53]} {[%emt 00:00:03]} 4. Nc3 {[%clk 01:28:50]} {[%emt 00:01:45]} d6
{[%clk 01:28:34]} {[%emt 00:03:51]} 5. h3 {[%clk 01:28:30]} {[%emt 00:00:49]}
h6 {[%clk 01:28:08]} {[%emt 00:00:56]} 6. e4 {[%clk 01:27:00]} {[%emt
00:02:00]} O-O {[%clk 01:26:09]} {[%emt 00:02:30]} 7. g4 {[%clk 01:25:21]}
{[%emt 00:02:08]} Nh7 {[%clk 01:22:19]} {[%emt 00:04:20]} 8. Nf3 {[%clk
01:23:01]} {[%emt 00:02:49]} h5 {[%clk 01:12:38]} {[%emt 00:10:11]} 9. g5
{[%clk 01:21:11]} {[%emt 00:02:19]} g6 {[%clk 01:12:06]} {[%emt 00:01:03]} 10.
Bd3 {[%clk 01:19:16]} {[%emt 00:02:24]} Kg7 {[%clk 01:09:15]} {[%emt 00:03:21]}
11. h4 {[%clk 01:09:45]} {[%emt 00:10:01]} a6 {[%clk 01:02:33]} {[%emt
00:07:12]} 12. Qe2 {[%clk 01:03:49]} {[%emt 00:06:25]} f5 {[%clk 00:52:21]}
{[%emt 00:10:43]} 13. Be3 {[%clk 01:03:04]} {[%emt 00:01:15]} Bxe3 {[%clk
00:47:29]} {[%emt 00:05:22]} 14. Qxe3 {[%clk 01:00:56]} {[%emt 00:02:38]} f4
{[%clk 00:47:15]} {[%emt 00:00:45]} 15. Qd2 {[%clk 01:00:37]} {[%emt 00:00:48]}
Nd7 {[%clk 00:43:45]} {[%emt 00:04:00]} 16. Bc2 {[%clk 00:59:36]} {[%emt
00:01:31]} Rf7 {[%clk 00:40:25]} {[%emt 00:03:50]} 17. O-O {[%clk 00:59:18]}
{[%emt 00:00:48]} Nb6 {[%clk 00:39:53]} {[%emt 00:01:02]} 18. c5 {[%clk
00:45:21]} {[%emt 00:14:26]} Qd7 {[%clk 00:39:13]} {[%emt 00:01:11]} 19. Nh2
{[%clk 00:44:42]} {[%emt 00:01:09]} dxc5 {[%clk 00:38:41]} {[%emt 00:01:03]}
20. f3 {[%clk 00:43:50]} {[%emt 00:01:22]} Nc4 {[%clk 00:38:40]} {[%emt
00:00:31]} 21. Qf2 {[%clk 00:43:09]} {[%emt 00:01:10]} Ne3 {[%clk 00:35:39]}
{[%emt 00:03:32]} 22. Rfc1 {[%clk 00:43:04]} {[%emt 00:00:35]} b6 {[%clk
00:28:55]} {[%emt 00:07:15]} 23. Bd3 {[%clk 00:41:25]} {[%emt 00:02:09]} Bb7
{[%clk 00:28:28]} {[%emt 00:00:57]} 24. Nd1 {[%clk 00:40:39]} {[%emt 00:01:15]}
Nxd1 {[%clk 00:28:46]} {[%emt 00:00:13]} 25. Rxd1 {[%clk 00:40:52]} {[%emt
00:00:17]} Rd8 {[%clk 00:27:35]} {[%emt 00:01:42]} 26. a4 {[%clk 00:39:59]}
{[%emt 00:01:22]} c6 {[%clk 00:26:35]} {[%emt 00:01:30]} 27. Bc4 {[%clk
00:39:31]} {[%emt 00:00:58]} cxd5 {[%clk 00:25:03]} {[%emt 00:02:02]} 28. Bxd5
{[%clk 00:39:57]} {[%emt 00:00:04]} Bxd5 {[%clk 00:25:23]} {[%emt 00:00:11]}
29. Rxd5 {[%clk 00:40:20]} {[%emt 00:00:07]} Qc7 {[%clk 00:25:49]} {[%emt
00:00:04]} 30. Rad1 {[%clk 00:40:14]} {[%emt 00:00:36]} Rfd7 {[%clk 00:26:11]}
{[%emt 00:00:08]} 31. Qe2 {[%clk 00:39:55]} {[%emt 00:00:49]} a5 {[%clk
00:20:10]} {[%emt 00:06:33]} 32. Nf1 {[%clk 00:38:01]} {[%emt 00:02:23]} Nf8
{[%clk 00:19:28]} {[%emt 00:01:12]} 33. Qc4 {[%clk 00:35:20]} {[%emt 00:03:10]}
Ne6 {[%clk 00:19:15]} {[%emt 00:00:43]} 34. Nd2 {[%clk 00:29:59]} {[%emt
00:05:51]} Nd4 {[%clk 00:17:52]} {[%emt 00:01:53]} 35. Kg2 {[%clk 00:27:05]}
{[%emt 00:03:25]} Rxd5 {[%clk 00:16:00]} {[%emt 00:02:22]} 36. exd5 {[%clk
00:27:31]} {[%emt 00:00:03]} Qd6 {[%clk 00:16:18]} {[%emt 00:00:11]} 37. Qa6
{[%clk 00:26:35]} {[%emt 00:01:26]} Rd7 {[%clk 00:13:52]} {[%emt 00:02:57]} 38.
Ne4 {[%clk 00:26:19]} {[%emt 00:00:46]} Qxd5 {[%clk 00:14:17]} {[%emt
00:00:05]} 39. Qxb6 {[%clk 00:26:09]} {[%emt 00:00:39]} Rb7 {[%clk 00:12:44]}
{[%emt 00:02:03]} 40. Qf6+ {[%clk 00:26:06]} {[%emt 00:00:33]} Kh7 {[%clk
00:13:09]} {[%emt 00:00:05]} 41. Rd2 {[%clk 00:18:40]} {[%emt 00:07:57]} Rf7
{[%clk 00:01:40]} {[%emt 00:11:59]} 42. Qb6 {[%clk 00:16:09]} {[%emt 00:03:00]}
Qb3 {[%clk 00:18:26]} {[%emt 00:13:44]} 43. Qxb3 {[%clk 00:43:25]} {[%emt
00:03:13]} Nxb3 {[%clk 00:18:52]} {[%emt 00:00:05]} 44. Rd5 {[%clk 00:40:42]}
{[%emt 00:03:13]} Re7 {[%clk 00:15:50]} {[%emt 00:03:32]} 45. Nxc5 {[%clk
00:36:46]} {[%emt 00:04:26]} Nd4 {[%clk 00:12:26]} {[%emt 00:03:50]} 46. Nd7
{[%clk 00:35:45]} {[%emt 00:01:35]} Nf5 {[%clk 00:12:34]} {[%emt 00:00:22]} 47.
Nf6+ {[%clk 00:36:06]} {[%emt 00:00:09]} Kg7 {[%clk 00:12:52]} {[%emt
00:00:12]} 48. Rxa5 {[%clk 00:35:50]} {[%emt 00:00:46]} Nxh4+ {[%clk 00:13:13]}
{[%emt 00:00:09]} 49. Kf2 {[%clk 00:35:51]} {[%emt 00:00:28]} Rb7 {[%clk
00:11:55]} {[%emt 00:01:49]} 50. Rb5 {[%clk 00:35:20]} {[%emt 00:01:00]} Rxb5
{[%clk 00:09:23]} {[%emt 00:03:04]} 51. axb5 {[%clk 00:35:38]} {[%emt
00:00:13]} Nf5 {[%clk 00:09:51]} {[%emt 00:00:01]} 52. b6 {[%clk 00:35:55]}
{[%emt 00:00:13]} Ne7 {[%clk 00:10:13]} {[%emt 00:00:07]} 53. b7 {[%clk
00:35:27]} {[%emt 00:00:58]} Nc6 {[%clk 00:10:40]} {[%emt 00:00:03]} 54. Nd7
{[%clk 00:35:37]} {[%emt 00:00:19]} 1-0

[Event "ODJM A 2023"]
[Site "Willingen GER"]
[Date "2023.05.29"]
[Round "3"]
[White "Goldinov, Daniel"]
[Black "Uhlmann, Tim"]
[Result "0-1"]
[Termination "normal"]
[Board "30"]
[WhiteElo "1880"]
[BlackElo "1859"]
[WhiteClock "00:16:35"]
[BlackClock "00:33:39"]
[PlyCount "106"]
[WhiteFideId "34605649"]
[BlackFideId "16239210"]
[EventCountry "GER"]
[EventRounds "9"]
[EventType "swiss"]
[EventDate "2023.05.27"]

1. d4 {[%clk 01:29:56]} {[%emt 00:00:49]} d5 {[%clk 01:30:44]} {[%emt
00:00:16]} 2. Nc3 {[%clk 01:30:06]} {[%emt 00:00:20]} Nf6 {[%clk 01:30:37]}
{[%emt 00:00:36]} 3. Bf4 {[%clk 01:29:51]} {[%emt 00:00:45]} c5 {[%clk
01:29:55]} {[%emt 00:01:12]} 4. e4 {[%clk 01:29:56]} {[%emt 00:00:25]} dxe4
{[%clk 01:26:57]} {[%emt 00:03:29]} 5. dxc5 {[%clk 01:29:56]} {[%emt 00:00:30]}
Nc6 {[%clk 01:26:25]} {[%emt 00:01:02]} 6. Qxd8+ {[%clk 01:29:04]} {[%emt
00:01:21]} Kxd8 {[%clk 01:26:05]} {[%emt 00:00:50]} 7. O-O-O+ {[%clk 01:27:56]}
{[%emt 00:01:38]} Bd7 {[%clk 01:25:54]} {[%emt 00:00:41]} 8. Nge2 {[%clk
01:24:41]} {[%emt 00:03:45]} e5 {[%clk 01:17:19]} {[%emt 00:09:05]} 9. Be3
{[%clk 01:24:05]} {[%emt 00:01:06]} Ng4 {[%clk 01:07:43]} {[%emt 00:10:04]} 10.
Nxe4 {[%clk 01:13:31]} {[%emt 00:11:07]} f5 {[%clk 01:06:10]} {[%emt 00:02:04]}
11. Bg5+ {[%clk 01:10:34]} {[%emt 00:03:26]} Kc8 {[%clk 01:00:35]} {[%emt
00:06:04]} 12. f3 {[%clk 01:05:07]} {[%emt 00:05:58]} fxe4 {[%clk 00:59:57]}
{[%emt 00:01:08]} 13. fxg4 {[%clk 01:05:30]} {[%emt 00:00:07]} Bxc5 {[%clk
00:59:02]} {[%emt 00:01:25]} 14. h3 {[%clk 01:01:20]} {[%emt 00:04:40]} Nd4
{[%clk 00:50:13]} {[%emt 00:09:18]} 15. Nc3 {[%clk 00:54:51]} {[%emt 00:07:00]}
Bc6 {[%clk 00:48:29]} {[%emt 00:02:12]} 16. a3 {[%clk 00:46:22]} {[%emt
00:09:00]} Ne6 {[%clk 00:45:32]} {[%emt 00:03:24]} 17. Bh4 {[%clk 00:43:05]}
{[%emt 00:03:50]} Nf4 {[%clk 00:44:16]} {[%emt 00:01:45]} 18. g3 {[%clk
00:36:32]} {[%emt 00:07:03]} Ne6 {[%clk 00:39:54]} {[%emt 00:04:52]} 19. Bc4
{[%clk 00:34:25]} {[%emt 00:02:37]} Nc7 {[%clk 00:34:16]} {[%emt 00:06:05]} 20.
Rhe1 {[%clk 00:25:40]} {[%emt 00:09:17]} Bf2 {[%clk 00:22:34]} {[%emt
00:12:12]} 21. Re2 {[%clk 00:25:27]} {[%emt 00:00:43]} e3 {[%clk 00:22:05]}
{[%emt 00:00:59]} 22. Nd5 {[%clk 00:20:31]} {[%emt 00:05:25]} Bxd5 {[%clk
00:16:03]} {[%emt 00:06:33]} 23. Bxd5 {[%clk 00:20:56]} {[%emt 00:00:05]} Nxd5
{[%clk 00:13:29]} {[%emt 00:03:04]} 24. Rxd5 {[%clk 00:21:18]} {[%emt
00:00:07]} Kc7 {[%clk 00:12:59]} {[%emt 00:01:00]} 25. Rxe5 {[%clk 00:17:24]}
{[%emt 00:04:25]} Rae8 {[%clk 00:11:54]} {[%emt 00:01:34]} 26. Rxe8 {[%clk
00:16:24]} {[%emt 00:01:31]} Rxe8 {[%clk 00:12:17]} {[%emt 00:00:07]} 27. Bg5
{[%clk 00:16:39]} {[%emt 00:00:14]} Kc6 {[%clk 00:12:05]} {[%emt 00:00:43]} 28.
Bf4 {[%clk 00:15:50]} {[%emt 00:01:19]} Kd5 {[%clk 00:12:22]} {[%emt 00:00:13]}
29. Kd1 {[%clk 00:10:47]} {[%emt 00:05:33]} Ke4 {[%clk 00:11:47]} {[%emt
00:01:05]} 30. Rxf2 {[%clk 00:10:56]} {[%emt 00:00:22]} exf2 {[%clk 00:11:25]}
{[%emt 00:00:51]} 31. Ke2 {[%clk 00:11:22]} {[%emt 00:00:04]} Rc8 {[%clk
00:11:09]} {[%emt 00:00:43]} 32. c3 {[%clk 00:11:29]} {[%emt 00:00:28]} Rf8
{[%clk 00:11:06]} {[%emt 00:00:32]} 33. g5 {[%clk 00:09:59]} {[%emt 00:02:01]}
h6 {[%clk 00:10:38]} {[%emt 00:00:58]} 34. g6 {[%clk 00:09:01]} {[%emt
00:01:27]} Rf6 {[%clk 00:10:55]} {[%emt 00:00:12]} 35. Kxf2 {[%clk 00:09:22]}
{[%emt 00:00:10]} Kd3 {[%clk 00:10:17]} {[%emt 00:01:07]} 36. Kf3 {[%clk
00:08:35]} {[%emt 00:01:17]} Rxg6 {[%clk 00:10:01]} {[%emt 00:00:46]} 37. Be5
{[%clk 00:08:02]} {[%emt 00:01:04]} Kc4 {[%clk 00:07:43]} {[%emt 00:02:46]} 38.
Kf4 {[%clk 00:05:00]} {[%emt 00:03:33]} Kd5 {[%clk 00:07:48]} {[%emt 00:00:24]}
39. g4 {[%clk 00:04:18]} {[%emt 00:01:13]} Ke6 {[%clk 00:06:39]} {[%emt
00:01:35]} 40. h4 {[%clk 00:02:50]} {[%emt 00:02:01]} Kf7 {[%clk 00:07:01]}
{[%emt 00:00:08]} 41. c4 {[%clk 00:29:08]} {[%emt 00:04:12]} Rc6 {[%clk
00:35:57]} {[%emt 00:01:34]} 42. b3 {[%clk 00:26:12]} {[%emt 00:03:27]} Ra6
{[%clk 00:35:34]} {[%emt 00:00:52]} 43. Bb2 {[%clk 00:26:10]} {[%emt 00:00:33]}
Rd6 {[%clk 00:35:49]} {[%emt 00:00:10]} 44. b4 {[%clk 00:20:12]} {[%emt
00:06:33]} Rd2 {[%clk 00:35:48]} {[%emt 00:00:31]} 45. Be5 {[%clk 00:19:59]}
{[%emt 00:00:43]} Ra2 {[%clk 00:35:55]} {[%emt 00:00:23]} 46. b5 {[%clk
00:19:02]} {[%emt 00:01:27]} Rc2 {[%clk 00:35:38]} {[%emt 00:00:46]} 47. h5
{[%clk 00:15:44]} {[%emt 00:03:47]} Rxc4+ {[%clk 00:35:52]} {[%emt 00:00:16]}
48. Kf5 {[%clk 00:16:13]} {[%emt 00:00:02]} Ra4 {[%clk 00:35:39]} {[%emt
00:00:42]} 49. b6 {[%clk 00:15:32]} {[%emt 00:01:12]} Rxa3 {[%clk 00:34:44]}
{[%emt 00:01:25]} 50. bxa7 {[%clk 00:15:57]} {[%emt 00:00:05]} Rxa7 {[%clk
00:35:04]} {[%emt 00:00:10]} 51. g5 {[%clk 00:15:54]} {[%emt 00:00:32]} Ra5
{[%clk 00:33:06]} {[%emt 00:02:27]} 52. gxh6 {[%clk 00:16:08]} {[%emt
00:00:17]} gxh6 {[%clk 00:33:22]} {[%emt 00:00:15]} 53. Ke4 {[%clk 00:16:35]}
{[%emt 00:00:02]} Ke6 {[%clk 00:33:39]} {[%emt 00:00:14]} 0-1

[Event "ODJM A 2023"]
[Site "Willingen GER"]
[Date "2023.05.29"]
[Round "3"]
[White "Hofmann, Benjamin"]
[Black "Abou Wally, Adrian"]
[Result "1-0"]
[Termination "normal"]
[Board "31"]
[WhiteElo "1700"]
[BlackElo "1753"]
[WhiteClock "00:47:59"]
[BlackClock "00:09:52"]
[PlyCount "57"]
[WhiteFideId "16270266"]
[BlackFideId "16245113"]
[EventCountry "GER"]
[EventRounds "9"]
[EventType "swiss"]
[EventDate "2023.05.27"]

1. e4 {[%clk 01:30:59]} e5 {[%clk 01:30:56]} {[%emt 00:00:07]} 2. Nf3 {[%clk
01:31:24]} {[%emt 00:00:06]} Nc6 {[%clk 01:31:22]} {[%emt 00:00:06]} 3. Bc4
{[%clk 01:31:48]} {[%emt 00:00:11]} Bc5 {[%clk 01:31:47]} {[%emt 00:00:10]} 4.
c3 {[%clk 01:31:58]} {[%emt 00:00:26]} Nf6 {[%clk 01:32:13]} {[%emt 00:00:05]}
5. d3 {[%clk 01:32:23]} {[%emt 00:00:06]} O-O {[%clk 01:32:24]} {[%emt
00:00:13]} 6. O-O {[%clk 01:32:43]} {[%emt 00:00:07]} d6 {[%clk 01:32:43]}
{[%emt 00:00:08]} 7. Nbd2 {[%clk 01:32:59]} {[%emt 00:00:09]} a6 {[%clk
01:33:08]} {[%emt 00:00:02]} 8. Bb3 {[%clk 01:33:26]} {[%emt 00:00:01]} Ba7
{[%clk 01:33:30]} {[%emt 00:00:04]} 9. h3 {[%clk 01:33:40]} {[%emt 00:00:16]}
h6 {[%clk 01:33:53]} {[%emt 00:00:07]} 10. Re1 {[%clk 01:33:57]} {[%emt
00:00:12]} Re8 {[%clk 01:34:13]} {[%emt 00:00:10]} 11. Nf1 {[%clk 01:34:11]}
{[%emt 00:00:15]} Be6 {[%clk 01:34:23]} {[%emt 00:00:22]} 12. Ng3 {[%clk
01:34:15]} {[%emt 00:00:26]} Qd7 {[%clk 01:33:11]} {[%emt 00:01:41]} 13. Be3
{[%clk 01:33:02]} {[%emt 00:01:42]} Bxe3 {[%clk 01:30:32]} {[%emt 00:03:11]}
14. Rxe3 {[%clk 01:33:10]} {[%emt 00:00:21]} Ne7 {[%clk 01:27:51]} {[%emt
00:03:11]} 15. Bc2 {[%clk 01:24:29]} {[%emt 00:09:11]} Ng6 {[%clk 01:22:26]}
{[%emt 00:05:55]} 16. d4 {[%clk 01:21:27]} {[%emt 00:03:32]} c6 {[%clk
01:14:33]} {[%emt 00:08:24]} 17. dxe5 {[%clk 01:10:19]} {[%emt 00:11:39]} dxe5
{[%clk 01:08:08]} {[%emt 00:06:54]} 18. Nf5 {[%clk 01:06:23]} {[%emt 00:04:25]}
Nd5 {[%clk 00:56:35]} {[%emt 00:12:04]} 19. Nxh6+ {[%clk 01:01:44]} {[%emt
00:05:08]} gxh6 {[%clk 00:57:00]} {[%emt 00:00:05]} 20. exd5 {[%clk 01:02:02]}
{[%emt 00:00:12]} Bxd5 {[%clk 00:44:37]} {[%emt 00:12:53]} 21. Bxg6 {[%clk
01:01:38]} {[%emt 00:00:54]} fxg6 {[%clk 00:45:00]} {[%emt 00:00:06]} 22. Nxe5
{[%clk 00:58:39]} {[%emt 00:03:29]} Qf5 {[%clk 00:44:15]} {[%emt 00:01:16]} 23.
Ng4 {[%clk 00:58:19]} {[%emt 00:00:49]} Qg5 {[%clk 00:42:05]} {[%emt 00:02:40]}
24. Qd4 {[%clk 00:52:31]} {[%emt 00:06:17]} Rf8 {[%clk 00:24:17]} {[%emt
00:18:20]} 25. Re5 {[%clk 00:51:58]} {[%emt 00:01:03]} Qh4 {[%clk 00:23:48]}
{[%emt 00:00:58]} 26. Qe3 {[%clk 00:49:07]} {[%emt 00:03:22]} g5 {[%clk
00:18:11]} {[%emt 00:06:07]} 27. Qd3 {[%clk 00:47:47]} {[%emt 00:01:50]} Qh5
{[%clk 00:10:58]} {[%emt 00:07:44]} 28. Re7 {[%clk 00:47:57]} {[%emt 00:00:20]}
Rf7 {[%clk 00:09:52]} {[%emt 00:01:36]} 29. Nf6+ {[%clk 00:47:59]} {[%emt
00:00:28]} 1-0